Szentetornya nyelvjárásának vizsgálata az 1950-es évektől napjainkig
Elmentve itt :
| Szerző: | |
|---|---|
| További közreműködők: | |
| Dokumentumtípus: | Szakdolgozat |
| Megjelent: |
2009
|
| Tárgyszavak: | |
| Online Access: | http://diploma.bibl.u-szeged.hu/45008 |
| LEADER | 00566nta a2200157 i 4500 | ||
|---|---|---|---|
| 001 | dipl45008 | ||
| 005 | 20141014135330.0 | ||
| 008 | 141014s2009 hu om 0|| zxx d | ||
| 040 | |a SZTE Diploma Repozitórium |b hun | ||
| 041 | |a zxx | ||
| 100 | 1 | |a Szőke Anett | |
| 245 | 1 | 0 | |a Szentetornya nyelvjárásának vizsgálata az 1950-es évektől napjainkig |h [elektronikus dokumentum] / |c Anett Szőke |
| 260 | |c 2009 | ||
| 650 | 4 | |a Bölcsészettudományok | |
| 700 | 1 | |a Szabó Gábor |e ths | |
| 856 | 4 | 0 | |u http://diploma.bibl.u-szeged.hu/id/eprint/45008/1/2009_szoke_anett.pdf |z Dokumentum-elérés |